| 000 | 00404 a2200121 4500 | ||
|---|---|---|---|
| 001 | ART_11954 | ||
| 005 | 20260410161901.0 | ||
| 008 | 260409a | ||
| 245 | 1 | 0 | _aA dynamic model of the interaction between the state and the private sector |
| 100 | 1 | _aWinden, Frans van | |
| 700 | 1 | _aVan Praag, Bernard | |
| 773 | 0 |
_tJournal of public economics _g- Vol. 16, NÂș 1 (ago. 1981) _wREV11485 |
|
| 999 |
_c25967 _d25967 |
||